Catálogo

LAS FAMILIAS, ¿UN PROBLEMA ESCOLAR? (Registro nro. 59415)

Detalles MARC
000 -LEADER
fixed length control field 00723nam a2200169 a 4500
001 - CONTROL NUMBER
control field 59415
005 - DATE AND TIME OF LATEST TRANSACTION
control field 20180714060344.0
008 - FIXED-LENGTH DATA ELEMENTS--GENERAL INFORMATION
fixed length control field 140415s2006 ag 000 0 spa d
041 ## - LANGUAGE CODE
Language code of text/sound track or separate title spa
082 ## - DEWEY DECIMAL CLASSIFICATION NUMBER
Classification number 306.43
Item number CER
100 1# - MAIN ENTRY--PERSONAL NAME
Personal name CERLETTI, LAURA B.
245 14 - TITLE STATEMENT
Title LAS FAMILIAS, ¿UN PROBLEMA ESCOLAR?
250 ## - EDITION STATEMENT
Edition statement 1a ed.
260 ## - PUBLICATION, DISTRIBUTION, ETC.
Place of publication, distribution, etc. ARGENTINA :
Name of publisher, distributor, etc. NOVEDADES EDUCATIVAS,
Date of publication, distribution, etc. 2006
520 ## - SUMMARY, ETC.
Summary, etc. LOS DOCENTES ENCUENTRAN EN LAS FAMILIAS DE SUS ALUMNOS LA EXPLICACION DE LOS PROBLEMAS ESCOLARES, LO QUE RESULTA CONFLICTIVO Y ANGUSTIANTE, DETERMINADAS CARACTERÍSTICAS DE SAS FAMILIAS SE MANIFIESTAN COMO IMPOSIBILIADES PARA LA ESCUELA: SI LA FAMILIA NO ESTA, LA ESCUELA NO PUEDE
650 14 - SUBJECT ADDED ENTRY--TOPICAL TERM
Topical term or geographic name entry element ESCUELAS
General subdivision FAMILIA
Existencias
Withdrawn status Lost status Source of classification or shelving scheme Damaged status Not for loan Collection code Home library Current library Shelving location Date acquired Source of acquisition Inventory number Total Checkouts Full call number Barcode Date last seen Date last checked out Price effective from Koha item type
    Dewey Decimal Classification     General Biblioteca Karol Wojtyla Biblioteca Karol Wojtyla Sala general 03/12/2013 Compra 151000000000000000053468 1 306.43 CER 89773 05/01/2026 02/08/2023 03/12/2013 Libro